Iron Man armored adventures : (Record no. 9992)

MARC details
000 -LEADER
fixed length control field 01211nam a22002897a 4500
001 - CONTROL NUMBER
control field 9992
003 - CONTROL NUMBER IDENTIFIER
control field FISKH
005 - DATE AND TIME OF LATEST TRANSACTION
control field 20260324155716.0
008 - FIXED-LENGTH DATA ELEMENTS--GENERAL INFORMATION
fixed length control field 260324b cb ||||| |||| 00| 0 eng d
020 ## - INTERNATIONAL STANDARD BOOK NUMBER
International Standard Book Number 9780375854927
040 ## - CATALOGING SOURCE
Original cataloging agency FISKH
Language of cataloging eng
Transcribing agency FISKH
Modifying agency FISKH
050 ## - LIBRARY OF CONGRESS CALL NUMBER
Classification number PZ7
082 ## - DEWEY DECIMAL CLASSIFICATION NUMBER
Classification number 176
100 ## - MAIN ENTRY--PERSONAL NAME
Personal name Berrios, Frank
Relator term Author
245 ## - TITLE STATEMENT
Title Iron Man armored adventures :
Remainder of title Deep freeze /
Statement of responsibility, etc. By Frank Berrios ; illustrated by Michael Borkowski ; based on the original teleplay "Cold War," by Eugene Son
260 ## - PUBLICATION, DISTRIBUTION, ETC.
Place of publication, distribution, etc. New York :
Name of publisher, distributor, etc. Random House ,
Date of publication, distribution, etc. 2009
300 ## - PHYSICAL DESCRIPTION
Extent 24 unnumbered pages :
Other physical details color illustrations ;
Dimensions 21 cm
490 ## - SERIES STATEMENT
Series statement Iron Man :
Volume/sequential designation Armored adventures
505 ## - FORMATTED CONTENTS NOTE
Formatted contents note N<br/>
520 ## - SUMMARY, ETC.
Summary, etc. In addition to the pressures of school, teenager Tony Stark must deal with the duties of being a superhero--the invincible Iron Man! And he's got plenty to worry about now that the frosty villain called Blizzard has come to town. Iron Man will have dress for the cold . . . or get put on ice permanently.
521 8# - TARGET AUDIENCE NOTE
Target audience note 550<br/>
Source Lexile estimate<br/>
521 8# - TARGET AUDIENCE NOTE
Target audience note N<br/>
Source Raz-Plus<br/>
650 ## - SUBJECT ADDED ENTRY--TOPICAL TERM
Topical term or geographic name entry element Children's book
Form subdivision Comic
700 ## - ADDED ENTRY--PERSONAL NAME
Personal name Borkowski, Michael
Relator term Illustrator
942 ## - ADDED ENTRY ELEMENTS (KOHA)
Source of classification or shelving scheme Dewey Decimal Classification
Koha item type Books
Suppress in OPAC No
Holdings
Withdrawn status Lost status Source of classification or shelving scheme Damaged status Not for loan Collection Home library Current library Shelving location Date acquired Total Checkouts Full call number Barcode Date last seen Copy number Price effective from Koha item type
    Dewey Decimal Classification     Juvenile Fiction Footprints International School Library Network Toul Tom Poung Campus Footprints International School Library Network Toul Tom Poung Campus TTP Primary Yellow Bookshelves 03/24/2026   BER 176 PZ7 2026-0369 03/24/2026 1 03/24/2026 Books